000
00329nam a2200133Ia 4500
008
190723s9999 xx 000 0 und d
020
_a
978-93-80358-96-3
100
_a
N.D Bhatt
245
0
_a
Engineering Drawing plane and Solid Geometry
250
_a
53th
260
_a
India
_b
Charatar
_c
2016
300
_a
719.:p
942
_c
BK
999
_c
1877
_d
1877